Zwycięzcy Eurowizji Junior - Statystyki

Ogólne statystyki
  • Ten quiz został rozwiązany 284 razy
    20 od ostatniego zresetowania
  • Średni wynik to 18 z 23
Statystyki odpowiedzi
Rok Państwo % Poprawnych
2020 Francja
100%
2018 Polska
100%
2019 Polska
100%
2021 Armenia
94%
2022 Francja
88%
2023 Francja
88%
2025 Francja
88%
2024 Gruzja
88%
2017 Rosja
88%
2004 HIszpania
81%
2008 Gruzja
75%
2016 Gruzja
75%
2012 Ukraina
75%
2014 Włochy
75%
2010 Armenia
69%
2005 Białoruś
69%
2003 Chorwacja
69%
2015 Malta
69%
2007 Białoruś
63%
2011 Gruzja
63%
2009 Holandia
56%
2013 Malta
56%
2006 Rosja
56%
Nie znaleziono quizów pasujących do podanych kryteriów
Rozkład punktacji
Procent ludzi z każdym wynikiem
Percentyl według liczby udzielonych odpowiedzi
Twoja historia wyników
Nie rozwiązałeś tego quizu od ostatniego zresetowania